| 000 | 005720000a22001930004500 | ||
|---|---|---|---|
| 020 | _a958-9057-72-1 | ||
| 041 | 0 | _aSPA | |
| 082 | 0 | 4 | _aG 300.72 B7153m |
| 100 | 1 | _aBonilla Castro, Elssy | |
| 245 | 1 | 0 | _aMás allá del dilema de los métodos : La investigación en Ciencias Sociales / Elssy Bonilla Castro, Penélope Rodríguez Sehk |
| 250 | _a2 | ||
| 260 | _aSantafé de Bogotá : Uniandes | ||
| 300 | _a220 Pág. | ||
| 001 | 13888 | ||
| 942 | _cBK | ||
| 999 |
_c42823 _d42823 |
||
| 336 |
_atexto _btxt _2rdacontent |
||
| 337 |
_2rdamedia _asin mediación _bn |
||
| 338 |
_2rdacarrier _avolumen _bnc |
||